[Event "Bay Area International"]
[Site "?"]
[Date "2019.01.05"]
[Round "7"]
[White "Gaffagan, Steven"]
[Black "Canessa, John"]
[Result "1-0"]
[WhiteElo "1996"]
[BlackElo "1958"]
[PlyCount "51"]
[EventDate "2019.??.??"]
[SourceVersionDate "2019.01.05"]

1. e4 e5 2. Nf3 Nc6 3. Bb5 a6 4. Ba4 Nf6 5. O-O b5 6. Bb3 Be7 7. Re1 d6 8. c3
O-O 9. h3 Na5 10. Bc2 c5 11. d4 Qc7 12. d5 c4 13. Nbd2 Re8 14. Nf1 Bf8 15. Ng3
g6 16. Nh2 Bg7 17. Bg5 h6 18. Be3 Kh7 19. Qd2 Nd7 20. Re2 Nb6 21. Rf1 Nb7 22.
f4 exf4 23. Bxf4 Be5 24. Ref2 Re7 25. Nh5 g5 26. Bxg5 1-0

[Event "Bay Area International"]
[Site "?"]
[Date "2019.01.05"]
[Round "7"]
[White "Grabinsky, Aaron"]
[Black "Hilby, Craig"]
[Result "1/2-1/2"]
[WhiteElo "2350"]
[BlackElo "2445"]
[PlyCount "71"]
[EventDate "2019.??.??"]
[SourceVersionDate "2019.01.05"]

1. e4 e5 2. Nf3 Nc6 3. Bb5 a6 4. Bxc6 dxc6 5. O-O Bg4 6. h3 h5 7. d3 Qf6 8.
Nbd2 Ne7 9. Re1 Ng6 10. d4 Nf4 11. hxg4 hxg4 12. g3 gxf3 13. Qxf3 Ne6 14. dxe5
Qh6 15. Nb3 g5 16. Be3 O-O-O 17. Rad1 Rxd1 18. Rxd1 Qh3 19. Nd4 g4 20. Qg2 Qh5
21. Nf5 Bc5 22. Bxc5 Nxc5 23. c3 Ne6 24. Kf1 Ng5 25. Ke2 Nf3 26. Qf1 Qg5 27.
Kd3 Rd8+ 28. Kc2 Rd2+ 29. Kb1 Rxd1+ 30. Qxd1 Nd2+ 31. Kc2 Nf3 32. Qc1 Qxc1+ 33.
Kxc1 Kd7 34. Kc2 Nxe5 35. b3 c5 36. c4 1/2-1/2

[Event "Bay Area International"]
[Site "?"]
[Date "2019.01.05"]
[Round "7"]
[White "Harmon-Vellotti, Luke"]
[Black "Peng, Shunkai"]
[Result "1/2-1/2"]
[WhiteElo "2455"]
[BlackElo "2285"]
[PlyCount "69"]
[EventDate "2019.??.??"]
[SourceVersionDate "2019.01.06"]

1. e4 c6 2. d4 d5 3. Nc3 dxe4 4. Nxe4 Bf5 5. Ng3 Bg6 6. h4 h6 7. Nf3 Nd7 8. h5
Bh7 9. Bd3 Bxd3 10. Qxd3 e6 11. Bd2 Ngf6 12. O-O-O Qc7 13. Ne4 O-O-O 14. g3 Nc5
15. Nxc5 Bxc5 16. c4 Qe7 17. Rh4 Rhe8 18. Qc3 Bb6 19. b4 Bc7 20. Ne5 Nd7 21.
Be3 f5 22. a3 Nxe5 23. dxe5 Rxd1+ 24. Kxd1 Bb6 25. Kc2 Rd8 26. Bxb6 axb6 27.
Rd4 Qg5 28. Rxd8+ Qxd8 29. Qd3 Qxd3+ 30. Kxd3 Kd8 31. Kd4 Kd7 32. a4 Kc7 33. f3
Kd7 34. c5 b5 35. a5 1/2-1/2

[Event "Bay Area International"]
[Site "?"]
[Date "2019.01.05"]
[Round "7"]
[White "Jacobson, Brandon"]
[Black "Costello, Alex"]
[Result "1-0"]
[WhiteElo "2404"]
[BlackElo "2231"]
[PlyCount "71"]
[EventDate "2019.??.??"]
[SourceVersionDate "2019.01.06"]

1. b4 b6 2. Bb2 Bb7 3. Nf3 e6 4. e3 f5 5. c4 Nf6 6. b5 Be7 7. Nc3 d6 8. d4 Ne4
9. Be2 O-O 10. O-O Nd7 11. a4 a5 12. Nxe4 fxe4 13. Nd2 Bg5 14. Qc2 Nf6 15. c5
Bd5 16. Ra3 Qe8 17. Rc3 bxc5 18. dxc5 Nd7 19. cxd6 cxd6 20. Bc4 Nc5 21. Ba3 Be7
22. Bxc5 dxc5 23. Nxe4 Rc8 24. Rd1 Qf7 25. f3 Rfd8 26. Rcd3 Qf5 27. Qa2 Bxc4
28. Rxd8+ Rxd8 29. Rxd8+ Bxd8 30. Qxc4 Bb6 31. g4 Qxf3 32. Qxe6+ Kf8 33. Qxb6
Qxe4 34. Qd8+ Kf7 35. Qd7+ Kg8 36. Qc8+ 1-0

[Event "Bay Area International"]
[Site "?"]
[Date "2019.01.05"]
[Round "7"]
[White "Javakhadze, Zurabi"]
[Black "Wu, Rochelle"]
[Result "1-0"]
[WhiteElo "2449"]
[BlackElo "2154"]
[PlyCount "41"]
[EventDate "2019.??.??"]
[SourceVersionDate "2019.01.05"]

1. d4 d5 2. c4 c6 3. Nf3 Nf6 4. Nbd2 Bf5 5. Nh4 Be4 6. Qb3 Qd7 7. e3 e6 8. f3
Bg6 9. Nxg6 hxg6 10. f4 Be7 11. Nf3 dxc4 12. Bxc4 O-O 13. Ne5 Qc7 14. h4 Ne4
15. Bxe6 Qa5+ 16. Kd1 Nf2+ 17. Kc2 Nxh1 18. Bxf7+ Kh8 19. Nxg6+ Kh7 20. Qd3
Rxf7 21. Nf8+ 1-0

[Event "Bay Area International"]
[Site "?"]
[Date "2019.01.05"]
[Round "7"]
[White "Johnston, Daniel"]
[Black "Ghazarian, Kirk"]
[Result "0-1"]
[WhiteElo "1979"]
[BlackElo "2226"]
[PlyCount "88"]
[EventDate "2019.??.??"]
[SourceVersionDate "2019.01.06"]

1. Nf3 d5 2. g3 c6 3. Bg2 Bg4 4. O-O Nd7 5. h3 Bh5 6. d4 e6 7. c4 Ngf6 8. cxd5
exd5 9. Qb3 Qb6 10. Qe3+ Be7 11. Nh4 Bg6 12. Nxg6 hxg6 13. Nc3 Kf8 14. Rb1 Re8
15. Qd3 a5 16. a3 Qb3 17. Qd1 Qxd1 18. Rxd1 Nb6 19. e3 Nc4 20. b4 axb4 21. axb4
b5 22. h4 Ra8 23. Bf1 Nb6 24. Bd2 Kg8 25. Ne2 Kh7 26. Nf4 Ra3 27. Rdc1 Nc4 28.
Be1 Ne4 29. Ra1 Rha8 30. Rxa3 Rxa3 31. Be2 Bd6 32. Nd3 Kg8 33. Kf1 Kf8 34. Kg1
Ke7 35. Kg2 Kd7 36. Bg4+ Kc7 37. Be2 Ra2 38. Kf3 g5 39. Ne5 Bxe5 40. Bxc4 bxc4
41. dxe5 gxh4 42. gxh4 Kb6 43. h5 Kb5 44. Rb1 c3 0-1

[Event "Bay Area International"]
[Site "?"]
[Date "2019.01.05"]
[Round "7"]
[White "Jones, Craig"]
[Black "Kondakov, Adrian"]
[Result "1-0"]
[WhiteElo "2138"]
[BlackElo "2018"]
[PlyCount "99"]
[EventDate "2019.??.??"]
[SourceVersionDate "2019.01.05"]

1. Nf3 Nf6 2. c4 g6 3. Nc3 Bg7 4. e4 d6 5. d4 O-O 6. Be2 e5 7. O-O exd4 8. Nxd4
Re8 9. f3 c6 10. Nc2 Na6 11. Kh1 Nh5 12. g4 Nf6 13. g5 Nh5 14. f4 Bxc3 15. bxc3
Rxe4 16. Bxh5 gxh5 17. Qxh5 Qe7 18. Ne3 Nc5 19. f5 Nd3 20. Ng4 Kh8 21. Nf6 Bxf5
22. Rxf5 Re1+ 23. Kg2 Qe2+ 24. Qxe2 Rxe2+ 25. Kg1 Kg7 26. Ba3 Ne5 27. Bxd6 Nxc4
28. Bg3 Rd8 29. Rc5 Nd2 30. Nh5+ Kf8 31. Rf5 Re3 32. Rc1 b6 33. Nf6 Kg7 34. Ng4
Re4 35. Ne5 Rd5 36. Rxf7+ Kg8 37. Rxa7 Rdxe5 38. Bxe5 Rxe5 39. Kh1 Rxg5 40. Rg1
Rxg1+ 41. Kxg1 Nb1 42. c4 Nd2 43. c5 bxc5 44. a4 c4 45. Rc7 Nf3+ 46. Kf2 Ne5
47. a5 c3 48. a6 Nd3+ 49. Kg3 c2 50. a7 1-0

[Event "Bay Area International"]
[Site "?"]
[Date "2019.01.05"]
[Round "7"]
[White "Katz, Alexander"]
[Black "Williams, Justus"]
[Result "1-0"]
[WhiteElo "2433"]
[BlackElo "2316"]
[PlyCount "49"]
[EventDate "2019.??.??"]
[SourceVersionDate "2019.01.05"]

1. e4 c5 2. c3 Nf6 3. e5 Nd5 4. Nf3 e6 5. d4 cxd4 6. cxd4 d6 7. Bc4 Nc6 8. O-O
Be7 9. Qe2 O-O 10. Qe4 Re8 11. Re1 Ndb4 12. exd6 Qxd6 13. Bf4 Qd8 14. Nc3 Bd7
15. a3 Na5 16. Bxe6 Bxe6 17. axb4 Bxb4 18. Ng5 g6 19. d5 Bxc3 20. dxe6 f5 21.
e7 Qd7 22. Qb1 Bd4 23. Qa2+ Kh8 24. Qf7 Bg7 25. Be5 1-0

[Event "Bay Area International"]
[Site "?"]
[Date "2019.01.05"]
[Round "7"]
[White "Ke, Ivan"]
[Black "Li, Zhaozhi"]
[Result "0-1"]
[WhiteElo "2251"]
[BlackElo "2395"]
[PlyCount "60"]
[EventDate "2019.??.??"]
[SourceVersionDate "2019.01.05"]

1. d4 Nf6 2. Nf3 b6 3. e3 Bb7 4. Bd3 d6 5. b3 Nbd7 6. Bb2 g6 7. O-O Bg7 8. c4
e6 9. Nc3 O-O 10. Qe2 c5 11. Rfd1 Qe7 12. Bc2 a6 13. a4 cxd4 14. exd4 Qd8 15.
Ba3 Qc7 16. Ng5 Rfe8 17. h4 d5 18. Rac1 h6 19. Nh3 e5 20. Nxd5 Nxd5 21. cxd5
exd4 22. Qd2 Qd8 23. h5 Ne5 24. hxg6 fxg6 25. Nf4 g5 26. Nh5 Qxd5 27. f4 Nf3+
28. gxf3 Qxf3 29. Qh2 Re2 30. Rd3 Rg2+ 0-1

[Event "Bay Area International"]
[Site "?"]
[Date "2019.01.05"]
[Round "7"]
[White "Kiewra, Keaton"]
[Black "Hevia, Carlos"]
[Result "1-0"]
[WhiteElo "2362"]
[BlackElo "2476"]
[PlyCount "89"]
[EventDate "2019.??.??"]

1. Nf3 e6 2. c4 d5 3. d4 Nf6 4. g3 Bb4+ 5. Nc3 O-O 6. Bg2 Nbd7 7. Qb3 a5 8. O-O
c6 9. Bf4 Be7 10. Rfd1 Nh5 11. Bd2 f5 12. Ne5 Kh8 13. f4 g5 14. e3 Rb8 15. Rac1
Qe8 16. Ne2 Bd8 17. Nxd7 Bxd7 18. fxg5 Rg8 19. e4 fxe4 20. g4 Ng7 21. Bf4 e5
22. Bxe5 Bxg5 23. cxd5 Bxg4 24. Rc2 Rd8 25. dxc6 Qxe5 26. c7 Qe7 27. cxd8=Q
Qxd8 28. Qxb7 Nf5 29. Rf1 Qe8 30. Qxe4 Ne3 31. Rc7 Qxe4 32. Bxe4 Re8 33. Rff7
Bxe2 34. Rxh7+ Kg8 35. Rhg7+ Kh8 36. Rh7+ Kg8 37. Rhg7+ Kh8 38. Rxg5 Rxe4 39.
Rxa5 Bc4 40. Ra8+ Bg8 41. Rcc8 Rg4+ 42. Kf2 Nd1+ 43. Kf3 Rg7 44. b4 Kh7 45.
Rxg8 1-0

[Event "Bay Area International"]
[Site "?"]
[Date "2019.01.05"]
[Round "7"]
[White "Korley, Kassa"]
[Black "Kumar, Nikhil"]
[Result "1/2-1/2"]
[WhiteElo "2450"]
[BlackElo "2281"]
[PlyCount "119"]
[EventDate "2019.??.??"]
[SourceVersionDate "2019.01.05"]

1. c4 e6 2. Nc3 d5 3. d4 Nf6 4. Nf3 Be7 5. Bg5 h6 6. Bh4 O-O 7. e3 Ne4 8. Bxe7
Qxe7 9. Rc1 c6 10. Qc2 Nxc3 11. Qxc3 Nd7 12. Be2 dxc4 13. Qxc4 e5 14. O-O e4
15. Nd2 Nf6 16. Qc5 Re8 17. b4 Be6 18. Qxe7 Rxe7 19. a3 Bd5 20. Rc2 Ne8 21. Nb1
Nd6 22. Nc3 Bb3 23. Rb2 Bc4 24. a4 a5 25. bxa5 Bxe2 26. Rxe2 Rxa5 27. g3 Nc4
28. Rb1 Ra6 29. Rb4 Nd6 30. Kg2 f5 31. h4 g5 32. hxg5 hxg5 33. Rc2 Kg7 34. Ne2
Re8 35. Rc5 Rea8 36. d5 Rxa4 37. Rxa4 Rxa4 38. dxc6 bxc6 39. Rxc6 Nf7 40. Nc3
Ra5 41. g4 Ne5 42. Rc7+ Kf6 43. gxf5 Kxf5 44. Rc8 Ng6 45. Kf1 Re5 46. Rc6 Ne7
47. Rc4 Nd5 48. Ne2 Nf6 49. Kg2 Re7 50. Nd4+ Kg6 51. Rc5 Rd7 52. Ne6 Rd5 53.
Rc7 Re5 54. Nf8+ Kf5 55. Rf7 Re8 56. Kg3 Rd8 57. Nh7 Rd6 58. Rf8 Kg6 59. Nxf6
Rxf6 60. Re8 1/2-1/2

[Event "Bay Area International"]
[Site "?"]
[Date "2019.01.05"]
[Round "7"]
[White "Kumar, Naman"]
[Black "Harazinska, Ewa"]
[Result "1-0"]
[WhiteElo "1868"]
[BlackElo "2222"]
[PlyCount "33"]
[EventDate "2019.??.??"]
[SourceVersionDate "2019.01.05"]

1. e4 c5 2. Nf3 d6 3. d4 cxd4 4. Nxd4 Nf6 5. f3 e5 6. Nb3 a5 7. Bb5+ Nc6 8. Nc3
Be7 9. Be3 O-O 10. Qd2 Be6 11. O-O-O Nb4 12. Kb1 Bd7 13. Bxd7 Qxd7 14. a3 Rfc8
15. axb4 axb4 16. Nd5 Nxd5 17. Qxd5 1-0

[Event "Bay Area International"]
[Site "?"]
[Date "2019.01.05"]
[Round "7"]
[White "Kung, Thomas"]
[Black "Stearman, Josiah"]
[Result "1-0"]
[WhiteElo "2133"]
[BlackElo "2298"]
[PlyCount "101"]
[EventDate "2019.??.??"]
[SourceVersionDate "2019.01.06"]

1. e4 c5 2. Nf3 Nc6 3. d4 cxd4 4. Nxd4 g6 5. c4 Nf6 6. Nc3 d6 7. Be2 Nxd4 8.
Qxd4 Bg7 9. Be3 O-O 10. Qd2 Be6 11. Rc1 Qa5 12. f3 Rfc8 13. b3 Nd7 14. Nd5
Qxd2+ 15. Kxd2 Bxd5 16. cxd5 a6 17. b4 h5 18. Rxc8+ Rxc8 19. Rc1 Rxc1 20. Kxc1
Kh7 21. Kc2 Bh6 22. Bd4 Bg7 23. Be3 Bh6 24. Bg1 Kg7 25. a4 Kf8 26. g3 e5 27.
dxe6 fxe6 28. Kd3 Ne5+ 29. Kc3 Bg7 30. Kb3 Nc6 31. Bd1 Bd4 32. Bxd4 Nxd4+ 33.
Kc4 Nc6 34. f4 Ke7 35. b5 Nb8 36. Bc2 a5 37. b6 Nc6 38. e5 d5+ 39. Kc5 g5 40.
h4 gxf4 41. gxf4 Nb4 42. Bg6 Na2 43. Kd4 Nc1 44. Bxh5 Nb3+ 45. Kc3 Nc5 46. Bd1
Nd7 47. h5 Nxb6 48. h6 Kf7 49. f5 Na8 50. Bh5+ Kg8 51. f6 1-0

[Event "Bay Area International"]
[Site "?"]
[Date "2019.01.05"]
[Round "7"]
[White "Mackenzie, Dana"]
[Black "Li, Eric"]
[Result "1/2-1/2"]
[WhiteElo "2012"]
[BlackElo "2007"]
[PlyCount "72"]
[EventDate "2019.??.??"]
[SourceVersionDate "2019.01.05"]

1. d4 Nf6 2. c4 e6 3. g3 d5 4. Bg2 dxc4 5. Qa4+ Nbd7 6. Nf3 a6 7. Qxc4 c5 8.
dxc5 Bxc5 9. O-O b5 10. Qh4 Bb7 11. Nc3 O-O 12. Bf4 Be7 13. Rad1 Nd5 14. Bg5 f6
15. Qh3 f5 16. Nd4 Nc5 17. Nxe6 Nxe6 18. Bxe7 Qxe7 19. Nxd5 Qf7 20. Qh4 f4 21.
Ne7+ Kh8 22. Bxb7 g5 23. Qh6 Rae8 24. Ng6+ Qxg6 25. Qxg6 hxg6 26. Bf3 Nc5 27.
Rd6 Kg7 28. Rfd1 Rf6 29. Kf1 Na4 30. Rxf6 Kxf6 31. Rd6+ Re6 32. Rxe6+ Kxe6 33.
Bb7 Nc5 34. Bc8+ Ke5 35. b4 Ne4 36. Bxa6 Nd6 1/2-1/2

[Event "Bay Area International"]
[Site "?"]
[Date "2019.01.05"]
[Round "7"]
[White "Marek, Matyas"]
[Black "Free, Graham"]
[Result "1-0"]
[WhiteElo "2358"]
[BlackElo "2015"]
[PlyCount "85"]
[EventDate "2019.??.??"]
[SourceVersionDate "2019.01.06"]

1. e4 c6 2. Nc3 d5 3. Nf3 dxe4 4. Nxe4 Nf6 5. Qe2 Bf5 6. Nxf6+ gxf6 7. d4 Nd7
8. g3 e6 9. Bg2 Qc7 10. O-O O-O-O 11. c4 Bg4 12. h3 Bh5 13. d5 Ne5 14. g4 Bg6
15. Nxe5 Qxe5 16. Qxe5 fxe5 17. Bg5 Rd7 18. dxc6 bxc6 19. Bxc6 Rc7 20. Bg2 Bg7
21. b3 h5 22. Rad1 hxg4 23. hxg4 f5 24. Rd6 e4 25. Rfd1 Bf7 26. f3 Be5 27. Rd8+
Rxd8 28. Rxd8+ Kb7 29. gxf5 exf5 30. fxe4 f4 31. Bf3 Bxc4 32. Bf6 Bxf6 33. e5+
Kb6 34. Rd6+ Kc5 35. Rxf6 Bd5 36. b4+ Kd4 37. Rd6 Ke3 38. Bxd5 f3 39. Rf6 Rc1+
40. Kh2 f2 41. Bg2 Rc8 42. e6 Rh8+ 43. Bh3 1-0

[Event "Bay Area International"]
[Site "?"]
[Date "2019.01.05"]
[Round "7"]
[White "Liou, Yian"]
[Black "Daggupati, Balaji"]
[Result "1/2-1/2"]
[WhiteElo "2412"]
[BlackElo "2257"]
[PlyCount "33"]
[EventDate "2019.??.??"]
[SourceVersionDate "2019.01.05"]

1. e4 c5 2. Nf3 e6 3. b3 d6 4. Bb2 e5 5. Bc4 Be7 6. O-O Nf6 7. Nc3 O-O 8. h3
Nc6 9. Re1 Be6 10. d3 h6 11. Nd2 Qd7 12. Nf1 Nd4 13. Nd5 Nxd5 14. exd5 Bxh3 15.
gxh3 b5 16. c3 Nf5 17. Qg4 1/2-1/2

[Event "Bay Area International"]
[Site "?"]
[Date "2019.01.05"]
[Round "7"]
[White "Naroditsky, Daniel"]
[Black "Bruzon, Lazaro"]
[Result "1/2-1/2"]
[WhiteElo "2616"]
[BlackElo "2664"]
[PlyCount "21"]
[EventDate "2019.??.??"]
[SourceVersionDate "2019.01.05"]

1. d4 Nf6 2. Bf4 e6 3. e3 d5 4. Nf3 Bd6 5. Bg3 O-O 6. Nbd2 c5 7. c3 Qc7 8. Bd3
Nbd7 9. O-O Bxg3 10. hxg3 b6 11. Rc1 1/2-1/2

[Event "Bay Area International"]
[Site "?"]
[Date "2019.01.05"]
[Round "7"]
[White "Negi, Parimarjan"]
[Black "Hong, Andrew"]
[Result "1-0"]
[WhiteElo "2656"]
[BlackElo "2390"]
[PlyCount "105"]
[EventDate "2019.??.??"]
[SourceVersionDate "2019.01.05"]

1. e4 c5 2. Nf3 d6 3. Bb5+ Bd7 4. c4 Nf6 5. Nc3 g6 6. O-O Bg7 7. d4 cxd4 8.
Nxd4 O-O 9. f3 Nc6 10. Bxc6 bxc6 11. Be3 Qc7 12. Qd2 Rfd8 13. Rac1 a5 14. b3
Qb8 15. Kh1 e5 16. Nde2 Be6 17. Bg5 Rd7 18. Ng3 Qb4 19. Rfd1 Ne8 20. Bh6 Bf6
21. Nf1 Nc7 22. Ne3 Be7 23. Qf2 Qb7 24. f4 exf4 25. Qxf4 Ne8 26. Ncd5 Bd8 27.
Qg3 f6 28. Nf4 Bf7 29. h4 a4 30. Nf5 axb3 31. axb3 Ra5 32. h5 g5 33. Qg4 Kh8
34. Bf8 Rxf5 35. exf5 gxf4 36. h6 d5 37. Re1 Be7 38. Bg7+ Kg8 39. Bxf6+ Kf8 40.
Bg7+ Kg8 41. Rxe7 Rxe7 42. Bd4+ Kf8 43. Bc5 Qc7 44. Qh4 dxc4 45. f6 cxb3 46.
fxe7+ Kg8 47. Qg5+ Bg6 48. Ba3 Kf7 49. Rf1 Ke6 50. Qg4+ Kd5 51. Rd1+ Ke4 52.
Qe6+ Qe5 53. Re1+ 1-0

[Event "Bay Area International"]
[Site "?"]
[Date "2019.01.05"]
[Round "7"]
[White "Ostrovskiy, Aleksandr"]
[Black "Jacobson, Aaron"]
[Result "1-0"]
[WhiteElo "2439"]
[BlackElo "2286"]
[PlyCount "125"]
[EventDate "2019.??.??"]
[SourceVersionDate "2019.01.06"]

1. e4 e6 2. d4 d5 3. Nd2 c5 4. exd5 exd5 5. Ngf3 Nc6 6. Bb5 Qe7+ 7. Be2 Qc7 8.
O-O Nf6 9. Re1 cxd4 10. Nb3 Bb4 11. Bd2 Bxd2 12. Qxd2 O-O 13. Nfxd4 Bd7 14.
Nxc6 Bxc6 15. c3 Rfe8 16. Nd4 Re5 17. Bf1 Rae8 18. Rxe5 Qxe5 19. Nf3 Qb8 20.
Rd1 b6 21. Nd4 Ba4 22. Re1 Rxe1 23. Qxe1 Qe8 24. Qd2 Qe5 25. f3 h5 26. g3 Kf8
27. Bh3 Be8 28. Bf5 Ba4 29. Kg2 Be8 30. h4 Ba4 31. Kf2 g6 32. Bh3 Bd7 33. Qg5
Qd6 34. Bxd7 Nxd7 35. Qd8+ Kg7 36. b4 a6 37. a4 Kh7 38. Kg2 Kg7 39. Kf2 Kh7 40.
Kg2 Kg7 41. f4 f5 42. Kf1 Kf7 43. Nf3 Qe7 44. Ng5+ Kf6 45. Qh8+ Qg7 46. Nh7+
Kf7 47. Ng5+ Kf6 48. Qd8+ Qe7 49. Qg8 Nf8 50. Qxd5 Kg7 51. Qd4+ Kg8 52. Qxb6
Qd7 53. Qxa6 Qd1+ 54. Kf2 Qc2+ 55. Qe2 Qxc3 56. Qa2+ Kh8 57. a5 Qxb4 58. a6
Qd4+ 59. Kg2 Qa7 60. Qb2+ Kg8 61. Qb7 Qxb7+ 62. axb7 Nd7 63. Nf3 1-0

[Event "Bay Area International"]
[Site "?"]
[Date "2019.01.05"]
[Round "7"]
[White "Polgar-Shutzman, Tom"]
[Black "Tarjan, James"]
[Result "0-1"]
[WhiteElo "2181"]
[BlackElo "2402"]
[PlyCount "132"]
[EventDate "2019.??.??"]
[SourceVersionDate "2019.01.06"]

1. e4 g6 2. d4 Bg7 3. Nc3 d6 4. f4 a6 5. Nf3 b5 6. Bd3 Bb7 7. e5 Nh6 8. O-O Nd7
9. Be4 Qb8 10. Qe2 O-O 11. h3 c5 12. Bxb7 Qxb7 13. dxc5 Nxc5 14. a3 Rac8 15.
Be3 Ne4 16. Nxe4 Qxe4 17. Qd3 Qxd3 18. cxd3 Nf5 19. Bf2 dxe5 20. fxe5 e6 21. g4
Ne7 22. Rac1 Nd5 23. Bc5 Rfe8 24. Kh2 Nf4 25. Rfd1 Bf8 26. d4 Ne2 27. Ra1 Bxc5
28. dxc5 Rxc5 29. Rd7 h6 30. Rf1 Rf8 31. g5 h5 32. Rf2 Nf4 33. Rd6 a5 34. Nd2
Nd5 35. Nb3 Rc7 36. Nxa5 Rfc8 37. Nb3 Rc2 38. Rd8+ Kg7 39. Rxc8 Rxf2+ 40. Kg3
Rf4 41. Rb8 h4+ 42. Kg2 Ne3+ 43. Kh2 Rf2+ 44. Kh1 Rf3 45. Kh2 Rf2+ 46. Kh1 Rf1+
47. Kh2 Rb1 48. Rxb5 Rxb2+ 49. Kh1 Ra2 50. Rb7 Nd5 51. Nc5 Nf4 52. a4 Re2 53.
a5 Rxe5 54. Rc7 Re1+ 55. Kh2 Re2+ 56. Kh1 Nxh3 57. Nb7 Nxg5 58. Nd6 Ra2 59. Ra7
e5 60. a6 e4 61. Kg1 e3 62. Kh1 e2 63. Re7 Ra1+ 64. Kg2 e1=Q 65. Rxe1 Rxe1 66.
a7 Ra1 0-1

[Event "Bay Area International"]
[Site "?"]
[Date "2019.01.05"]
[Round "7"]
[White "Ringoir, Tanguy"]
[Black "Mishra, Abhimanyu"]
[Result "1-0"]
[WhiteElo "2516"]
[BlackElo "2120"]
[PlyCount "81"]
[EventDate "2019.??.??"]
[SourceVersionDate "2019.01.06"]

1. d4 d5 2. c4 e6 3. Nf3 Nf6 4. g3 dxc4 5. Bg2 a6 6. O-O Nc6 7. e3 Bd7 8. Qe2
Bd6 9. Qxc4 O-O 10. Nbd2 h6 11. Qc2 b5 12. e4 Be7 13. Nb3 Rc8 14. a3 a5 15. Ne5
Nxe5 16. dxe5 Nh7 17. Nc5 Qe8 18. Be3 Bc6 19. Rfd1 Rd8 20. Rxd8 Bxd8 21. Rc1
Ba8 22. Qd2 Bc6 23. Qxa5 f6 24. Qc3 Qe7 25. Nxe6 Qxe6 26. Qxc6 Qxc6 27. Rxc6
Re8 28. Bf1 b4 29. a4 fxe5 30. f3 h5 31. a5 Kf8 32. a6 Be7 33. Rxc7 Rd8 34. a7
Nf6 35. Bb5 Ne8 36. Bxe8 Kxe8 37. Rb7 Bd6 38. Rxg7 Rc8 39. Rg8+ Bf8 40. Bh6
Rc1+ 41. Bxc1 1-0

[Event "Bay Area International"]
[Site "?"]
[Date "2019.01.05"]
[Round "7"]
[White "Santarius, Erik"]
[Black "Quesada, Yuniesky"]
[Result "0-1"]
[WhiteElo "2393"]
[BlackElo "2642"]
[PlyCount "94"]
[EventDate "2019.??.??"]

1. d4 Nf6 2. c4 e6 3. g3 d5 4. Bg2 Be7 5. Nf3 O-O 6. O-O c6 7. Nc3 Nbd7 8. Qd3
b6 9. cxd5 cxd5 10. Bf4 a6 11. a4 Bb7 12. Nd2 Nh5 13. Qf3 Nxf4 14. gxf4 g6 15.
Nc4 Rc8 16. Ne5 Nxe5 17. fxe5 Rc4 18. Qd3 Qc7 19. Nd1 Rc8 20. Ne3 Rb4 21. Qd2
Qd7 22. Ng4 Qd8 23. Nf6+ Kh8 24. Ra3 a5 25. Nxh7 Kxh7 26. Rh3+ Kg8 27. Qh6 Bf6
28. Qh7+ Kf8 29. Rf3 Bg7 30. Qxg6 Rc7 31. Bh3 Bc8 32. Kh1 Qh4 33. Rg1 Qh6 34.
Qd3 Rc1 35. Bf1 Ke7 36. e3 Qh5 37. Be2 Rxg1+ 38. Kxg1 Qg6+ 39. Qxg6 fxg6 40.
Bd3 Bd7 41. Bxg6 Be8 42. Bh7 Rxb2 43. Rg3 Bf8 44. h4 Bxa4 45. h5 Be8 46. Bg6 a4
47. e4 Rb3 0-1

[Event "Bay Area International"]
[Site "?"]
[Date "2019.01.05"]
[Round "7"]
[White "Sevian, Samuel"]
[Black "Cordova, Emilio"]
[Result "0-1"]
[WhiteElo "2647"]
[BlackElo "2597"]
[PlyCount "98"]
[EventDate "2019.??.??"]

1. d4 Nf6 2. c4 e6 3. g3 c5 4. d5 exd5 5. cxd5 g6 6. Nc3 Bg7 7. Bg2 O-O 8. Nf3
d6 9. O-O Re8 10. Re1 Na6 11. Nd2 Nc7 12. a4 b6 13. h3 Ba6 14. Rb1 Qe7 15. Qc2
Bb7 16. Qd3 Nd7 17. Nc4 Ba6 18. Bf4 Bxc4 19. Qxc4 a6 20. Qd3 Ne5 21. Qc2 b5 22.
b3 Rab8 23. Red1 Rec8 24. Ne4 Ne8 25. h4 c4 26. axb5 axb5 27. Bh3 Rc7 28. Bg5
Qf8 29. b4 f5 30. Nc3 Nf6 31. Ra1 Nf7 32. Ra5 Qe8 33. Bd2 Re7 34. Bg2 Ng4 35.
Bf3 Nfe5 36. Bg2 Nxf2 37. Kxf2 Ng4+ 38. Ke1 Bxc3 39. Bxc3 Ne3 40. Qd2 Nxg2+ 41.
Kf2 Ne3 42. Rda1 Ng4+ 43. Kf1 Re3 44. Qd4 Rxc3 45. Qxc3 Qe4 46. Kg1 Ne3 47. Kf2
Re8 48. Ra7 Nd1+ 49. Rxd1 Qxe2+ 0-1

[Event "Bay Area International"]
[Site "?"]
[Date "2019.01.05"]
[Round "7"]
[White "Shen, Christopher"]
[Black "Ruiz, Joshua"]
[Result "0-1"]
[WhiteElo "2311"]
[BlackElo "2459"]
[PlyCount "202"]
[EventDate "2019.??.??"]
[SourceVersionDate "2019.01.06"]

1. c4 e6 2. g3 d5 3. Nf3 dxc4 4. Bg2 a6 5. O-O Nf6 6. a4 Nbd7 7. Qc2 c5 8. a5
Bd6 9. Qxc4 Bc7 10. Qa4 O-O 11. d3 b5 12. axb6 Nxb6 13. Qc2 Bd6 14. Bd2 Bb7 15.
Ba5 Nfd7 16. Nbd2 Qb8 17. e4 Rc8 18. Qb3 Bc6 19. Rfc1 Bf8 20. Qc2 h6 21. Nf1
Qb7 22. N3d2 Bb5 23. Ne3 Ne5 24. Ndc4 Nbxc4 25. Nxc4 Bxc4 26. dxc4 Rab8 27. Bc3
Qc7 28. Qe2 Rb6 29. Ba5 Nc6 30. Bxb6 Qxb6 31. e5 Nd4 32. Qe3 Nb3 33. h4 Nxc1
34. Qxc1 Rd8 35. Qc3 g6 36. b3 Rd4 37. h5 gxh5 38. Qf3 Bg7 39. Qa8+ Rd8 40.
Rxa6 Rxa8 41. Rxb6 Ra1+ 42. Kh2 Bxe5 43. f4 Bd4 44. f5 exf5 45. Rxh6 Kg7 46.
Rb6 Rc1 47. Bf3 Rc2+ 48. Kh1 Rc3 49. Kg2 Rc2+ 50. Kh1 Be5 51. Bxh5 Bxg3 52. Bf3
f6 53. Rb7+ Kg6 54. Rd7 Kg5 55. Rd3 Be5 56. Kg1 Bd4+ 57. Kf1 f4 58. Bd5 Be3 59.
Be6 Kh4 60. Bf5 Ra2 61. Be4 Kg3 62. Bd5 Rb2 63. Be4 Rb1+ 64. Ke2 Rb2+ 65. Kf1
f5 66. Bd5 Rh2 67. Ke1 Ra2 68. Kf1 Rf2+ 69. Ke1 Kh2 70. Bc6 Kg1 71. Bd5 Ra2 72.
Bc6 Bf2+ 73. Kd1 Be3 74. Ke1 Bd4 75. Bd5 Ra7 76. Ke2 Be3 77. Rd1+ Kh2 78. Rd3
Kg3 79. Bc6 Re7 80. Bd5 Kh2 81. Kf3 Ra7 82. Ke2 Ra1 83. Bc6 Kg3 84. Bd5 Ra2+
85. Kf1 Kg4 86. Bc6 Rb2 87. Bd5 Kg5 88. Bc6 Bd4 89. Bd5 Kf6 90. Ke1 Bf2+ 91.
Kf1 Bg3 92. Bc6 Kg5 93. Bd5 Rf2+ 94. Kg1 Kg4 95. Bc6 Bh4 96. Bd5 f3 97. b4 Kg3
98. Bc6 Bf6 99. bxc5 Be7 100. Bxf3 Rxf3 101. Rd5 Bg5 0-1